000 01314cam a2200361 i 4500
005 20260322212040.0
008 data
010 _a 2014466006
020 _a9781465424440
020 _a146542444X
040 _aPNX
_beng
_cPNX
_erda
_dDLC
_dOCLCO
_dOCLCQ
_dOCLCO
_dFOLLT
_dDLC
042 _alccopycat
050 0 0 _aGV965
_b.G52 20104
082 0 4 _a796.352
_223
092 _a796.35 Fox 20104
245 0 0 _aGolf :
_bthe ultimate guide /
_cedited by Satu Fox & Nick Edmund.
250 _aFirst American edition, 2014.
264 1 _aLondon :
_bDK ,
_c2014.
300 _a352 pages :
_billustrations (some color), color maps ;
_c25 cm
336 _atext
_btxt
_2rdacontent
337 _aunmediated
_bn
_2rdamedia
338 _avolume
_bnc
_2rdacarrier
500 _a"Content previously covered in Eyewitness companions: Golf"--Title page verso.
500 _aIncludes index.
650 0 _aGolf.
700 1 _aFox, Satu,
_eeditor.
700 1 _aEdmund, Nick.
_tGolf.
_iSelections from:
856 4 2 _3Publisher description
_uhttp://www.loc.gov/catdir/enhancements/fy1501/2014466006-d.html
906 _a7
_bcbc
_ccopycat
_d2
_encip
_f20
_gy-gencatlg
925 0 _aacquire
_b1 shelf copies
_xpolicy default
001 data
999 _c949
_d949